| 000 | 01382nam a2200433 c 4500 | ||
|---|---|---|---|
| 001 | 22305 | ||
| 003 | ES-MaCES | ||
| 005 | 20141221122758.0 | ||
| 008 | 090730s2009 sp bd t 000 | spa d | ||
| 017 |
_aV 985-2009 _bDL |
||
| 020 | _a9788496515826 | ||
| 035 | _aCES20090007872m | ||
| 040 |
_aES-MaCES _bspa _cES-MaCES |
||
| 100 | 1 |
_aMas, Matilde _918066 |
|
| 245 | 1 | 0 |
_aSeries históricas de capital público en España y su distribución territorial (1900-2005) _cMatilde Mas Ivars, Vicent Cucarella Tormo |
| 250 | _a1ª ed | ||
| 260 |
_aBilbao _bFundación BBVA _c2009 |
||
| 300 |
_a186 p. _bgráf., mapas bl. y n. _c24 cm |
||
| 500 | _aÍndices | ||
| 504 | _aBibliografía: p. 169-174 | ||
| 541 | _cGratuito | ||
| 650 | 4 |
_acapital _928127 |
|
| 650 | 4 |
_asector público _927150 |
|
| 650 | 4 |
_ainversiones públicas _928148 |
|
| 650 | 4 |
_adistribución del gasto _930938 |
|
| 650 | 4 |
_adesarrollo regional _929186 |
|
| 650 | 4 |
_agobierno regional _929907 |
|
| 650 | 4 |
_aComunidades Autónomas _930768 |
|
| 650 | 4 |
_anivel local _927220 |
|
| 650 | 4 |
_aEspaña _926964 |
|
| 650 | 4 |
_a1900-2005 _931913 |
|
| 650 | 4 |
_acuadros estadísticos _928890 |
|
| 653 | 1 | 0 | _aFinanciación |
| 700 | 1 |
_aCucarella Tormo, Vicent _910239 |
|
| 710 | 2 |
_aFundación BBVA _eed. _93766 |
|
| 902 | _aLIB Libro | ||
| 942 |
_2CES _cBK _h0.0. |
||
| 999 |
_c22305 _d22305 |
||